00380 a2200121 450000100060000004000220000624000330002824500310006165000370009294200070012995201050013699900170024166138 cAnchieta - Pituba10aReleitura dramática 2005l10aReleitura dramática 2005 4aLínguas espanhola e portuguesa cMX 00104070a91.1b91.1d2023-11-21l0o460 C695 RELp20919/PITr2023-11-21 18:34:24w2023-11-21yMX c66138d66138